000 00201 a2200097 4500
001 42714
100 _aSomervell
245 _aBetween The Wars
260 _aLondon
_bMethuen
_c
090 _c26606
_d26606
942 _aNUST-CAE
_cM
_c18454
999 _c277787
_d277787